000
00211nam a22000857a 4500
008
161114b xxu||||| |||| 00| 0 eng d
100
_9
1195
_a
Aggarwal.M.L.
245
_a
Mathematics-XII
260
_a
New Delhi
_b
AP
_c
2012
999
_c
3885
_d
3885